An introduction to medicinal chemistry 6e / (Record no. 44)

000 -LEADER
fixed length control field 00927nam a22003255i 4500
001 - CONTROL NUMBER
control field 19474337
003 - CONTROL NUMBER IDENTIFIER
control field OSt
005 - DATE AND TIME OF LATEST TRANSACTION
control field 20241107113758.0
008 - FIXED-LENGTH DATA ELEMENTS--GENERAL INFORMATION
fixed length control field 170201s2017 nyu 000 0 eng
010 ## - LIBRARY OF CONGRESS CONTROL NUMBER
LC control number 2017932606
020 ## - INTERNATIONAL STANDARD BOOK NUMBER
International Standard Book Number 9780198749691 (pbk.)
040 ## - CATALOGING SOURCE
Original cataloging agency DLC
Language of cataloging eng
Description conventions rda
Transcribing agency DLC
042 ## - AUTHENTICATION CODE
Authentication code pcc
080 ## - UNIVERSAL DECIMAL CLASSIFICATION NUMBER
Universal Decimal Classification number 54
Item number P-32
100 1# - MAIN ENTRY--PERSONAL NAME
Personal name Patrick, Graham.
245 13 - TITLE STATEMENT
Title An introduction to medicinal chemistry 6e /
Statement of responsibility, etc. Dr Graham Patrick.
260 ## - PUBLICATION, DISTRIBUTION, ETC.
Name of publisher, distributor, etc. New York, NY :
Date of publication, distribution, etc. 2017
Place of publication, distribution, etc. oxford
300 ## - PHYSICAL DESCRIPTION
Extent 877 pages cm
336 ## - CONTENT TYPE
Content type term text
Content type code txt
Source rdacontent
337 ## - MEDIA TYPE
Media type term unmediated
Media type code n
Source rdamedia
338 ## - CARRIER TYPE
Carrier type term volume
Carrier type code nc
Source rdacarrier
365 ## - TRADE PRICE
Price amount 38.51 usd
650 #0 - SUBJECT ADDED ENTRY--TOPICAL TERM
9 (RLIN) 137
Topical term or geographic name entry element Chemistry
650 #0 - SUBJECT ADDED ENTRY--TOPICAL TERM
9 (RLIN) 138
Topical term or geographic name entry element Medicinal Chemistry
653 ## - INDEX TERM--UNCONTROLLED
Uncontrolled term ქიმია
653 ## - INDEX TERM--UNCONTROLLED
Uncontrolled term სამედიცინო ქიმია
906 ## - LOCAL DATA ELEMENT F, LDF (RLIN)
a 0
b ibc
c orignew
d 2
e epcn
f 20
g y-gencatlg
942 ## - ADDED ENTRY ELEMENTS (KOHA)
Source of classification or shelving scheme
Koha item type Books
Edition 6
Holdings
Withdrawn status Lost status Source of classification or shelving scheme Damaged status Not for loan Permanent location Current location Date acquired Inventory number Full call number Barcode Date last seen Price effective from Koha item type Total Checkouts
          Ken Walker International University Ken Walker International University 11/05/2020 54 54 P-32 54 11/05/2020 11/05/2020 Books  
          Ken Walker International University Ken Walker International University 11/19/2020 956 54 P-32 956 11/19/2020 11/19/2020 Books  

Powered by Koha